| 000 | 00569nam a22001817a 4500 | ||
|---|---|---|---|
| 005 | 20251108165257.0 | ||
| 008 | 250721s1993 xx 000 0 ara d | ||
| 082 | 1 | 4 | _a956.441/محم |
| 100 | 1 | _aأبو ريان، محمد محيسن | |
| 245 | 1 | 0 | _aحلحول بين الماضي و الحاضر / |
| 264 | 1 |
_aالخليل : _bرابطة الجامعيين - دائرة البحث و التطوير، _c1993. |
|
| 300 | _a491ص | ||
| 650 | 1 | 7 | _aتاريخ فلسطين |
| 650 | 1 | 7 | _aالخليل |
| 650 | 1 | 7 | _aالتاريخ |
| 942 |
_2ddc _cBK |
||
| 999 |
_c23895 _d23895 |
||